Sports Quiz

Random Sports or Football Quiz

10-11: NFL's Final Power Rankings (Wk 17) Quiz Stats

 Plays Quiz not verified by Sporcle

Support Sporcle.
Go Orange.
Score 0/32 Timer 04:00
0 Plays Today
Record Team % Correct
14-2New England Patriots
100%
13-3Atlanta Falcons
87.1%
12-4Pittsburgh Steelers
84.7%
12-4Baltimore Ravens
81.2%
11-5New Orleans Saints
71.8%
11-5Chicago Bears
69.4%
10-6Philadelphia Eagles
64.7%
11-5New York Jets
57.6%
10-6Green Bay Packers
57.6%
10-6Indianapolis Colts
49.4%
10-6New York Giants
49.4%
10-6Kansas City Chiefs
45.9%
2-14Carolina Panthers
43.5%
8-8Oakland Raiders
40%
10-6Tampa Bay Buccaneers
38.8%
7-9Seattle Seahawks
38.8%
Record Team % Correct
7-9St. Louis Rams
36.5%
9-7San Diego Chargers
35.3%
4-12Buffalo Bills
28.2%
6-10Dallas Cowboys
23.5%
8-8Jacksonville Jaguars
21.2%
4-12Cincinnati Bengals
21.2%
4-12Denver Broncos
20%
6-10Minnesota Vikings
18.8%
7-9Miami Dolphins
17.6%
6-10Detroit Lions
16.5%
6-10Washington Redskins
16.5%
5-11Cleveland Browns
16.5%
5-11Arizona Cardinals
16.5%
6-10San Francisco 49ers
15.3%
6-10Houston Texans
14.1%
6-10Tennessee Titans
12.9%

You're not logged in!

Compare scores with friends on all Sporcle quizzes.
OR
Log In

From the Vault

TV Show by Four Screenshots

by Sssophie

These TV show openings theme familiar.
Remove Ads.
Support Sporcle.
Get the best of Sporcle when you Go Orange. This ad-free experience offers more features, more stats, and more fun while also helping to support Sporcle. Thank you for becoming a member.

Show Comments

Extras

Created Feb 22, 2011ReportNominate
Tags:Football Quiz, NFL Quiz, ESPN

Top Quizzes Today


Score Distribution

Your Account Isn't Verified!

In order to create a playlist on Sporcle, you need to verify the email address you used during registration. Go to your Sporcle Settings to finish the process.

Report this User

Report this user for behavior that violates our Community Guidelines.

Details: